| 000 | 00402nam a2200133Ia 4500 | ||
|---|---|---|---|
| 008 | 170516s9999 xx 000 0 und d | ||
| 245 | _aReal-Time Assessment of Tissue Hypoxia In Vivo with Combined Photoacoustics and High-Frequency Ultrasound | ||
| 260 | _bTheranostics | ||
| 260 | _c2014 | ||
| 300 | _a4:6 | ||
| 650 | _xMedical Technology | ||
| 650 | _xMedtech | ||
| 856 | _uhttp://www.thno.org/v4i6 | ||
| 999 |
_c330704 _d330704 |
||